12 Apostel von Jesus Christus - Statistiken

Allgemein
  • Dieses Quiz wurde 264 mal gespielt
  • Das Durchschnittsergebnis liegt bei 6 aus 12
Antwortstatistiken
Hint Antwort % Korrekt
Verräter Judas
91%
Lieblingsjünger / Starb wahrscheinlich friedlich Johannes
82%
Gründer der christlichen Kirche in Rom / Wurde kopfüber gekreuzigt Petrus
81%
Von Beruf Steuereintreiber und Zöllner / Wurde gesteinigt Matthäus
62%
Beiname "der Eiferer" / Wurde in zwei Hälften gesägt Simon
55%
Wurde von Lanzen durchbohrt Thomas
47%
Bruder dieses Apostels Andreas
45%
Der Jüngere Jakobus
41%
Der Ältere / Wurde enthauptet Jakobus
41%
Bei lebendigem Leibe gehäutet worden Bartholomäus
31%
Wurde von einer Keule erschlagen Thaddäus
27%
Dargestellt mit einem Buch oder einer Rolle Philippus
21%
Keine übereinstimmenden Quizze gefunden
Verteilung der Resultate
Anzahl Personen mit jedem Resultat
Perzentil nach korrekt beantworteten Fragen
Ihre Resultats-Entwicklung
Sie haben dieses Quiz noch nicht gespielt